[Event "Hong Kong-ch prel"]
[Site "Hong Kong"]
[Date "2018.02.26"]
[Round "7"]
[White "Lo, Billy"]
[Black "Chong, Chor Yuen"]
[Result "1-0"]
[WhiteElo "1861"]
[BlackElo "1975"]
[PlyCount "115"]
[EventDate "2018.01.08"]
[EventType "swiss"]
[EventRounds "11"]
[EventCountry "HKG"]
[SourceTitle "EXT 2019"]
[Source "ChessBase"]
[SourceDate "2018.10.10"]
[SourceVersion "1"]
[SourceVersionDate "2018.10.10"]
[SourceQuality "1"]

1. e4 e5 2. Nf3 Nc6 3. Bb5 a6 4. Ba4 Nf6 5. 0-0 Be7 6. Re1 b5 7. Bb3 d6 8. h3 0-0 9. c3 Na5 10. Bc2 c5 11. d4 Qc7 12. Nbd2 cxd4 13. cxd4 Bb7 14. d5 Rac8 15. Bd3 Nd7 16. Nf1 f5 17. Ng5 Bxg5 18. Bxg5 Nc4 19. Rc1 Qa5 20. Bxc4 Rxc4 21. Rxc4 bxc4 22. Be7 Rf7 23. Bxd6 fxe4 24. Ne3 Qxa2 25. Qa1 Qb3 26. Rc1 Qb6 27. Qa3 Bxd5 28. Nxd5 Qxf2+ 29. Kh2 Qd2 30. Rxc4 Rf3 31. Rc8+ Kf7 32. Qa4 Nf6 33. Rf8+ Ke6 34. Nc7+ Kf5 35. Qd7+ Kg6 36. Rxf6+ Rxf6 37. Qg4+ Qg5 38. Qxg5+ Kxg5 39. Be7 Kf4 40. Nd5+ Kf5 41. Bxf6 gxf6 42. Kg1 a5 43. Kf2 h5 44. b3 Ke6 45. Nb6 Kd6 46. Nc4+ Kc5 47. Nxa5 Kb4 48. Nc6+ Kc5 49. Nxe5 Kd4 50. Ng6 f5 51. Nf4 h4 52. Ng6 Kd3 53. Nxh4 f4 54. Ke1 Kc3 55. Ng6 f3 56. gxf3 exf3 57. Kf2 Kxb3 58. Kxf3 1-0

[Event "Hong Kong-ch prel"]
[Site "Hong Kong"]
[Date "2018.02.05"]
[Round "5"]
[White "Wong, Brian Bh"]
[Black "Lo, Billy"]
[Result "1-0"]
[WhiteElo "1661"]
[BlackElo "1861"]
[PlyCount "49"]
[EventDate "2018.01.08"]
[EventType "swiss"]
[EventRounds "11"]
[EventCountry "HKG"]
[SourceTitle "EXT 2019"]
[Source "ChessBase"]
[SourceDate "2018.10.10"]
[SourceVersion "1"]
[SourceVersionDate "2018.10.10"]
[SourceQuality "1"]

1. Nf3 c5 2. c4 Nc6 3. Nc3 Nf6 4. g3 g6 5. Bg2 d5 6. d4 dxc4 7. d5 Nb4 8. Ne5 e6 9. e4 exd5 10. exd5 Qe7 11. Qe2 Ng4 12. f4 Nxe5 13. fxe5 Bf5 14. Nb5 Bd3 15. d6 Qd7 16. Nc7+ Kd8 17. Qf3 Rb8 18. Qf6+ Kc8 19. Qxh8 Qd8 20. Bh3+ f5 21. exf6+ Bf5 22. Bxf5+ gxf5 23. 0-0 Qxd6 24. Bf4 Qd4+ 25. Kg2 1-0

[Event "Hong Kong-ch prel"]
[Site "Hong Kong"]
[Date "2018.01.29"]
[Round "4"]
[White "Lo, Billy"]
[Black "Mahajan, Ritesh"]
[Result "1-0"]
[WhiteElo "1861"]
[BlackElo "1600"]
[PlyCount "67"]
[EventDate "2018.01.08"]
[EventType "swiss"]
[EventRounds "11"]
[EventCountry "HKG"]
[SourceTitle "EXT 2019"]
[Source "ChessBase"]
[SourceDate "2018.10.10"]
[SourceVersion "1"]
[SourceVersionDate "2018.10.10"]
[SourceQuality "1"]

1. e4 e6 2. d4 d5 3. Nc3 Bb4 4. e5 Ne7 5. a3 Bxc3+ 6. bxc3 c5 7. Qg4 Qc7 8. Bd3 cxd4 9. Ne2 dxc3 10. Qxg7 Rg8 11. Qxh7 Rxg2 12. Ng3 Qxe5+ 13. Kf1 Rxg3 14. hxg3 Nbc6 15. Bf4 Qd4 16. Re1 b6 17. Be3 Qg4 18. Qh8+ Kd7 19. Rh4 Ng6 20. Qxc8+ Rxc8 21. Rxg4 Nge5 22. Rg7 Nxd3 23. cxd3 Ne5 24. d4 Nd3 25. Rd1 Nb2 26. Rc1 Nd3 27. Rc2 e5 28. Rxf7+ Ke6 29. Rxa7 Rc4 30. Ke2 Nb2 31. Bc1 exd4 32. Bxb2 d3+ 33. Kxd3 cxb2 34. Rxb2 1-0

[Event "Hong Kong-ch prel"]
[Site "Hong Kong"]
[Date "2018.01.22"]
[Round "3"]
[White "Wong, Ching Chi"]
[Black "Lo, Billy"]
[Result "1-0"]
[WhiteElo "1919"]
[BlackElo "1861"]
[PlyCount "125"]
[EventDate "2018.01.08"]
[EventType "swiss"]
[EventRounds "11"]
[EventCountry "HKG"]
[SourceTitle "EXT 2019"]
[Source "ChessBase"]
[SourceDate "2018.10.10"]
[SourceVersion "1"]
[SourceVersionDate "2018.10.10"]
[SourceQuality "1"]

1. Nf3 Nf6 2. c4 c5 3. g3 g6 4. Bg2 Nc6 5. Nc3 d5 6. cxd5 Nxd5 7. 0-0 Bg7 8. Ng5 Nc7 9. Nge4 Ne6 10. d3 0-0 11. Be3 Ncd4 12. Qd2 Bd7 13. Ng5 Nxg5 14. Bxg5 Bc6 15. Bxc6 Nxc6 16. Bh6 Qd7 17. Bxg7 Kxg7 18. Qg5 b6 19. Qd5 Qxd5 20. Nxd5 Rad8 21. Nc3 Rd7 22. Rac1 Rfd8 23. Kg2 f5 24. Rfe1 Kf6 25. h3 Nb4 26. a3 Nd5 27. Kf3 h5 28. h4 e5 29. Nxd5+ Rxd5 30. Rc4 Rd4 31. Rec1 a5 32. Rxd4 Rxd4 33. Ke3 Ke6 34. b3 Kd5 35. a4 Rb4 36. Rb1 Rg4 37. Kd2 f4 38. Rg1 g5 39. hxg5 h4 40. e4+ fxe3+ 41. Kxe3 Rxg5 42. g4 h3 43. f3 Kd6 44. Rh1 b5 45. Rxh3 bxa4 46. bxa4 Rg8 47. Ke4 c4 48. dxc4 Kc5 49. Rh1 Kxc4 50. Kxe5 Rf8 51. f4 Re8+ 52. Kf5 Rf8+ 53. Ke4 Re8+ 54. Kf3 Kb4 55. Ra1 Rc8 56. f5 Rc4 57. f6 Kb3 58. g5 Kb2 59. Re1 Rxa4 60. f7 Ra3+ 61. Re3 Ra1 62. Kf4 a4 63. f8Q 1-0

[Event "Hong Kong-ch prel"]
[Site "Hong Kong"]
[Date "2016.02.29"]
[Round "8"]
[White "Lau, Joe Yiu Cho"]
[Black "Lo, Billy"]
[Result "0-1"]
[WhiteElo "1641"]
[BlackElo "1889"]
[PlyCount "62"]
[EventDate "2016.01.04"]
[EventType "swiss"]
[EventRounds "11"]
[EventCountry "HKG"]
[SourceTitle "EXT 2017"]
[Source "ChessBase"]
[SourceDate "2016.10.25"]
[SourceVersion "1"]
[SourceVersionDate "2016.10.25"]
[SourceQuality "1"]

1. e4 c5 2. Nf3 d6 3. d4 cxd4 4. Nxd4 Nf6 5. Nc3 g6 6. Be3 Bg7 7. f3 Nc6 8. Qd2 0-0 9. 0-0-0 Nxd4 10. Bxd4 Be6 11. Kb1 a6 12. g4 b5 13. g5 Nd7 14. Bxg7 Kxg7 15. Be2 Qa5 16. h4 b4 17. Nd5 Bxd5 18. exd5 Qc5 19. h5 a5 20. Rh4 Nb6 21. hxg6 hxg6 22. Qf4 Rh8 23. Rdh1 Qf2 24. Rh6 Nxd5 25. Qe4 e6 26. Bd3 Rxh6 27. gxh6+ Kh7 28. Bc4 Rc8 29. Bxd5 exd5 30. Qxd5 Qxc2+ 31. Ka1 Qc1+ 0-1

[Event "Hong Kong-ch qual"]
[Site "Hong Kong"]
[Date "2013.02.04"]
[Round "2"]
[White "Lo, Billy"]
[Black "Mahadevan, Aravind"]
[Result "1-0"]
[WhiteElo "1910"]
[BlackElo "1556"]
[PlyCount "83"]
[EventDate "2013.01.28"]
[EventType "swiss"]
[EventRounds "9"]
[EventCountry "HKG"]
[SourceTitle "EXT 2015"]
[Source "ChessBase"]
[SourceDate "2014.11.20"]
[SourceVersion "1"]
[SourceVersionDate "2014.11.20"]
[SourceQuality "1"]

1. e4 c6 2. d4 d5 3. Nc3 dxe4 4. Nxe4 Bf5 5. Ng3 Bg6 6. h4 h6 7. h5 Bh7 8. Bd3 Bxd3 9. Qxd3 Nf6 10. Nf3 e6 11. Bd2 Be7 12. 0-0-0 Nbd7 13. Ne4 0-0 14. Kb1 Nxe4 15. Qxe4 Nf6 16. Qd3 c5 17. g4 Nh7 18. Bc3 cxd4 19. Qxd4 Qxd4 20. Rxd4 Rad8 21. Rhd1 Rxd4 22. Rxd4 Rd8 23. Rxd8+ Bxd8 24. b4 Nf6 25. Bxf6 Bxf6 26. c4 b6 27. Kc2 Kf8 28. Kd3 Ke8 29. c5 bxc5 30. bxc5 Kd7 31. Kc4 Kc6 32. Nd4+ Bxd4 33. Kxd4 g6 34. Ke5 Kxc5 35. Kf6 gxh5 36. gxh5 a5 37. Kg7 Kb4 38. Kxh6 Ka3 39. Kg5 Kxa2 40. h6 Kb1 41. h7 a4 42. h8Q 1-0

[Event "Hong Kong-ch qual"]
[Site "Hong Kong"]
[Date "2012.02.20"]
[Round "8.5"]
[White "Scott, Ian"]
[Black "Lo, Billy"]
[Result "1-0"]
[WhiteElo "1697"]
[BlackElo "1953"]
[PlyCount "111"]
[EventDate "2012.01.09"]
[EventType "swiss"]
[EventRounds "9"]
[EventCountry "HKG"]
[SourceTitle "EXT 2024"]
[Source "ChessBase"]
[SourceDate "2023.10.10"]
[SourceVersion "1"]
[SourceVersionDate "2023.10.10"]
[SourceQuality "1"]

1. e4 c5 2. Nc3 a6 3. f4 b5 4. g3 Bb7 5. Bg2 e6 6. Qe2 Nc6 7. Nf3 Nd4 8. Nxd4 cxd4 9. Nd1 Nf6 10. d3 Rc8 11. 0-0 Qc7 12. Bd2 Bc5 13. Kh1 0-0 14. Nf2 Bb6 15. Rac1 e5 16. Ng4 Nxg4 17. Qxg4 d6 18. f5 f6 19. Qh4 Qf7 20. b3 d5 21. g4 dxe4 22. dxe4 h6 23. Qg3 Qe7 24. b4 Rc4 25. h4 Kh8 26. Qb3 Qf7 27. Kh2 Rc6 28. Qxf7 Rxf7 29. Rf3 Rfc7 30. c3 Rc4 31. Rg3 dxc3 32. Rgxc3 Rxc3 33. Rxc3 Rd7 34. Rc2 Kg8 35. g5 hxg5 36. hxg5 g6 37. fxg6 Rg7 38. Bh3 Rxg6 39. Bf5 Rg7 40. gxf6 Rg1 41. Bh6 Kf7 42. Bg7 Rb1 43. Rd2 Bd4 44. Rg2 Rb2 45. Bg6+ Ke6 46. Bh6 Rxg2+ 47. Kxg2 Bxe4+ 48. Bxe4 Kf7 49. Bg7 Bc3 50. Bb7 Bxb4 51. Bxa6 Ba3 52. Bxb5 Kg6 53. Kf2 Bc5+ 54. Ke2 e4 55. a4 Kh7 56. a5 1-0

[Event "Hong Kong-ch qual"]
[Site "Hong Kong"]
[Date "2012.01.16"]
[Round "3.6"]
[White "Lo, Billy"]
[Black "Hatibie, Taufan Ariq H"]
[Result "1-0"]
[WhiteElo "1953"]
[BlackElo "1623"]
[PlyCount "47"]
[EventDate "2012.01.09"]
[EventType "swiss"]
[EventRounds "9"]
[EventCountry "HKG"]
[SourceTitle "EXT 2024"]
[Source "ChessBase"]
[SourceDate "2023.10.10"]
[SourceVersion "1"]
[SourceVersionDate "2023.10.10"]
[SourceQuality "1"]

1. e4 c5 2. Nf3 g6 3. d4 cxd4 4. Qxd4 Nf6 5. e5 Nc6 6. Qa4 Ng8 7. Nc3 Bg7 8. Bf4 a6 9. 0-0-0 Bh6 10. Bxh6 Nxh6 11. Qf4 Ng8 12. Bc4 e6 13. Ne4 Qe7 14. Nd6+ Kf8 15. Ng5 f6 16. Ngf7 Kg7 17. exf6+ Nxf6 18. Nxh8 Kxh8 19. Kb1 b5 20. Bb3 b4 21. g4 a5 22. g5 Nh5 23. Nxc8 Rxc8 24. Qd6 1-0

[Event "Hong Kong-ch qual"]
[Site "Hong Kong"]
[Date "2012.01.12"]
[Round "2.4"]
[White "Wong, Enoch Yat Long"]
[Black "Lo, Billy"]
[Result "1-0"]
[WhiteElo "1757"]
[BlackElo "1953"]
[PlyCount "71"]
[EventDate "2012.01.09"]
[EventType "swiss"]
[EventRounds "9"]
[EventCountry "HKG"]
[SourceTitle "EXT 2024"]
[Source "ChessBase"]
[SourceDate "2023.10.10"]
[SourceVersion "1"]
[SourceVersionDate "2023.10.10"]
[SourceQuality "1"]

1. e4 c6 2. d4 d5 3. e5 Bf5 4. g4 Bg6 5. h4 h6 6. h5 Bh7 7. e6 fxe6 8. Bd3 Qa5+ 9. c3 Nf6 10. Nf3 Nbd7 11. g5 Ne4 12. g6 Bg8 13. Ne5 Ndf6 14. Nd2 Nxd2 15. Bxd2 Qc7 16. Bf4 Qb6 17. Qe2 0-0-0 18. f3 c5 19. Rc1 Nd7 20. b4 Nxe5 21. Qxe5 c4 22. Bc2 Qd6 23. Qe3 Qa6 24. Be5 Kd7 25. a4 b6 26. Ra1 Qb7 27. b5 a6 28. bxa6 Qxa6 29. 0-0 Qa5 30. Rfb1 Ra8 31. Rb4 Ra7 32. Rab1 Rb7 33. Rb5 Qa7 34. a5 Qa6 35. Ba4 Kd8 36. Qf4 1-0

[Event "Hong Kong-ch qual"]
[Site "Hong Kong"]
[Date "2011.03.07"]
[Round "8"]
[White "Lo, Billy"]
[Black "Wong, Enoch Yat Long"]
[Result "0-1"]
[WhiteElo "2096"]
[BlackElo "1745"]
[PlyCount "74"]
[EventDate "2011.01.10"]
[EventType "swiss"]
[EventRounds "9"]
[EventCountry "HKG"]
[SourceTitle "EXT 2024"]
[Source "ChessBase"]
[SourceDate "2023.10.10"]
[SourceVersion "1"]
[SourceVersionDate "2023.10.10"]
[SourceQuality "1"]

1. e4 e5 2. Nf3 Nc6 3. d4 exd4 4. Nxd4 Bc5 5. Be3 Qf6 6. c3 Nge7 7. g3 d5 8. Bg2 dxe4 9. Bxe4 Ne5 10. f3 0-0 11. Nd2 c6 12. Qc2 N7g6 13. 0-0-0 Bb6 14. h4 h6 15. h5 Ne7 16. g4 Nd5 17. Bxd5 cxd5 18. Rdg1 Bxd4 19. cxd4 Nxf3 20. Rg3 Bxg4 21. Qd1 Rac8+ 22. Kb1 Nxd2+ 23. Qxd2 Qf5+ 24. Ka1 Rc2 25. Qb4 Qe4 26. Rhg1 Rfc8 27. Bxh6 f5 28. Bd2 Qe2 29. Bc3 Qh2 30. a4 R8xc3 31. Qe7 Rc8 32. Rxg4 fxg4 33. Rxg4 Qh1+ 34. Ka2 Rxb2+ 35. Kxb2 Qc1+ 36. Kb3 Rc3+ 37. Kb4 Qa3+ 0-1

[Event "Hong Kong-ch op"]
[Site "Hong Kong"]
[Date "2010.10.01"]
[Round "2"]
[White "Lo, Billy"]
[Black "Wolfaardt, Francois"]
[Result "1/2-1/2"]
[WhiteElo "2105"]
[BlackElo "1770"]
[PlyCount "87"]
[EventDate "2010.09.30"]
[EventType "swiss"]
[EventRounds "7"]
[EventCountry "HKG"]
[SourceTitle "EXT 2024"]
[Source "ChessBase"]
[SourceDate "2023.10.10"]
[SourceVersion "1"]
[SourceVersionDate "2023.10.10"]
[SourceQuality "1"]

1. e4 e5 2. Nf3 Nc6 3. d4 exd4 4. Nxd4 Bc5 5. Nxc6 Qf6 6. Qe2 Qxc6 7. Nc3 Nf6 8. Nd5 0-0 9. Nxf6+ Qxf6 10. e5 Qb6 11. c3 Re8 12. b4 Bd6 13. f4 Bf8 14. Be3 Qc6 15. Kd2 d6 16. Bd4 dxe5 17. fxe5 Bd6 18. Re1 Be7 19. Qc4 Bg5+ 20. Kc2 Bf5+ 21. Kb2 Qa4 22. Qb3 Qxb3+ 23. axb3 a5 24. bxa5 Rxa5 25. Bc4 c5 26. b4 cxb4 27. cxb4 Ra4 28. Kb3 Rea8 29. Ra1 Rxa1 30. Rxa1 Rxa1 31. Bxa1 Bf4 32. Bd5 Be6 33. Kc4 Bxd5+ 34. Kxd5 Bxh2 35. Bd4 f6 36. e6 Kf8 37. Bc5+ Ke8 38. b5 f5 39. Bd6 Bg1 40. g3 Bb6 41. Ke5 g6 42. Kd5 Bf2 43. Bf4 Ke7 44. Bd6+ 1/2-1/2

[Event "Hong Kong Winter op"]
[Site "Hong Kong"]
[Date "2009.10.03"]
[Round "5"]
[White "Lo, Billy"]
[Black "Wolfaardt, Francois"]
[Result "0-1"]
[WhiteElo "2190"]
[BlackElo "1786"]
[PlyCount "80"]
[EventDate "2009.10.01"]
[EventType "swiss"]
[EventRounds "7"]
[EventCountry "HKG"]
[SourceTitle "EXT 2024"]
[Source "ChessBase"]
[SourceDate "2023.10.10"]
[SourceVersion "1"]
[SourceVersionDate "2023.10.10"]
[SourceQuality "1"]

1. e4 e5 2. Nf3 Nc6 3. Bb5 a6 4. Ba4 Nf6 5. 0-0 Be7 6. Re1 b5 7. Bb3 d6 8. h3 Na5 9. c3 Nxb3 10. Qxb3 Be6 11. Qd1 c5 12. d3 h6 13. Nbd2 Qd7 14. Nf1 g5 15. d4 Qc7 16. d5 Bd7 17. c4 g4 18. hxg4 Nxg4 19. N3h2 h5 20. Ne3 Nxh2 21. Kxh2 Bf6 22. Qf3 Ke7 23. Nf5+ Bxf5 24. Qxf5 Qd7 25. Qxd7+ Kxd7 26. Bd2 Rag8 27. Rec1 Bg5 28. Bxg5 Rxg5 29. cxb5 axb5 30. b4 Rhg8 31. Rg1 Rg4 32. g3 Rxe4 33. bxc5 dxc5 34. Rge1 Rxe1 35. Rxe1 Kd6 36. Rd1 Ra8 37. Rd2 Ra4 38. Kg2 Rd4 39. Rxd4 exd4 40. Kf3 Kxd5 0-1

[Event "Southend op"]
[Site "London"]
[Date "2000.??.??"]
[Round "6"]
[White "Ethelontis, Alexandros N"]
[Black "Lo, Billy"]
[Result "1/2-1/2"]
[WhiteElo "2140"]
[BlackElo "2260"]
[PlyCount "87"]
[EventDate "2000.04.??"]
[EventType "swiss"]
[EventRounds "7"]
[EventCountry "ENG"]
[SourceTitle "EXT 2001"]
[Source "ChessBase"]
[SourceDate "2000.11.22"]
[SourceVersion "1"]
[SourceVersionDate "2000.11.22"]
[SourceQuality "1"]

1. c4 c6 2. g3 d5 3. Bg2 Nf6 4. Nf3 Nbd7 5. d4 dxc4 6. Qc2 e6 7. Qxc4 Be7 8. 0-0 0-0 9. Nc3 Nb6 10. Qb3 Nbd5 11. Rd1 Qc7 12. Bg5 h6 13. Bxf6 Nxf6 14. Rac1 Rd8 15. e4 Qb6 16. Qc2 Bd7 17. a3 Be8 18. Na4 Qa6 19. Nc5 Bxc5 20. dxc5 b6 21. Nd4 Rac8 22. Bf1 Qb7 23. b4 bxc5 24. bxc5 Rb8 25. Rd2 e5 26. Nf3 Rxd2 27. Nxd2 Qb2 28. Qxb2 Rxb2 29. Nc4 Rb3 30. Bh3 Nxe4 31. Nxe5 Rxa3 32. Nc4 Rc3 33. Rxc3 Nxc3 34. Nd6 Kf8 35. Bg2 Bd7 36. Nb7 Ke7 37. f4 Nb5 38. Kf2 f5 39. Ke3 Nc7 40. Kd4 Kf6 41. Na5 Ne6+ 42. Kc4 Nd8 43. Kd4 g5 44. Kc4 1/2-1/2

[Event "Southend op"]
[Site "London"]
[Date "2000.??.??"]
[Round "3"]
[White "Lo, Billy"]
[Black "Harakis, Alexis"]
[Result "1-0"]
[WhiteElo "2260"]
[BlackElo "2179"]
[PlyCount "69"]
[EventDate "2000.04.??"]
[EventType "swiss"]
[EventRounds "7"]
[EventCountry "ENG"]
[SourceTitle "EXT 2001"]
[Source "ChessBase"]
[SourceDate "2000.11.22"]
[SourceVersion "1"]
[SourceVersionDate "2000.11.22"]
[SourceQuality "1"]

1. e4 e6 2. d4 d5 3. Nd2 Nf6 4. e5 Nfd7 5. Bd3 c5 6. c3 Nc6 7. Ne2 cxd4 8. cxd4 f6 9. exf6 Nxf6 10. Nf3 Bd6 11. 0-0 0-0 12. Bf4 Bxf4 13. Nxf4 Qb6 14. Re1 Ne4 15. Ne2 Rxf3 16. gxf3 Ng5 17. Kg2 e5 18. h4 Nxf3 19. Kxf3 e4+ 20. Kg2 Bg4 21. Bxe4 Ne7 22. Qb3 Qf6 23. Bxd5+ Kh8 24. Bf3 Be6 25. d5 Ng6 26. Rh1 Bd7 27. Qc3 Nxh4+ 28. Rxh4 Qxh4 29. Rh1 Qg5+ 30. Ng3 Rf8 31. Qe3 Rf4 32. Qxa7 g6 33. Qxb7 Rf7 34. Qb3 h5 35. Bxh5 1-0

[Event "Southend op"]
[Site "London"]
[Date "1998.04.12"]
[Round "5"]
[White "Crouch, Colin S"]
[Black "Lo, Billy"]
[Result "1-0"]
[WhiteElo "2360"]
[BlackElo "1728"]
[PlyCount "111"]
[EventDate "1998.04.10"]
[EventType "swiss"]
[EventRounds "7"]
[EventCountry "ENG"]
[SourceTitle "EXT 2001"]
[Source "ChessBase"]
[SourceDate "2000.11.22"]
[SourceVersion "1"]
[SourceVersionDate "2000.11.22"]
[SourceQuality "1"]

1. d4 d5 2. c4 e6 3. Nc3 Nf6 4. Nf3 c6 5. e3 Nbd7 6. Qc2 a6 7. a3 dxc4 8. Bxc4 b5 9. Ba2 Bb7 10. b4 a5 11. Rb1 axb4 12. axb4 Nb6 13. Bd2 Nbd5 14. Nxd5 cxd5 15. Ne5 Bd6 16. Nd3 0-0 17. Nc5 Qc7 18. h3 Ra7 19. 0-0 Rfa8 20. Bb3 Nd7 21. Qd3 Bc6 22. Rfc1 Nb6 23. e4 Nc4 24. e5 Bxc5 25. bxc5 Ra3 26. Bb4 R3a6 27. Bc2 g6 28. h4 Na3 29. Rb3 Nxc2 30. Rxc2 Qd8 31. Qg3 Ra1+ 32. Kh2 Rd1 33. Rd2 Rc1 34. Ba3 Re1 35. f3 Ra1 36. Bb2 R1a4 37. Rd1 Ra2 38. Bc1 R8a4 39. Bg5 Qf8 40. Qf4 Rc2 41. Rd2 Rcc4 42. Qe3 Qa8 43. Bf6 Qf8 44. h5 h6 45. g4 Ra1 46. Kg3 Rcc1 47. Rg2 Re1 48. Qc3 Rec1 49. Qb2 Qa8 50. g5 Qa5 51. hxg6 Qe1+ 52. Qf2 hxg5 53. Qxe1 Rxe1 54. g7 Rh1 55. Rbb2 Rh5 56. Ra2 1-0

[Event "Southend op"]
[Site "London"]
[Date "1998.04.12"]
[Round "6"]
[White "Lo, Billy"]
[Black "Jackson, Sheila"]
[Result "0-1"]
[WhiteElo "1728"]
[BlackElo "2080"]
[PlyCount "51"]
[EventDate "1998.04.10"]
[EventType "swiss"]
[EventRounds "7"]
[EventCountry "ENG"]
[SourceTitle "EXT 2001"]
[Source "ChessBase"]
[SourceDate "2000.11.22"]
[SourceVersion "1"]
[SourceVersionDate "2000.11.22"]
[SourceQuality "1"]

1. e4 e5 2. Nf3 Nc6 3. Bb5 a6 4. Ba4 Nf6 5. 0-0 Be7 6. Qe2 b5 7. Bb3 d6 8. c3 0-0 9. Rd1 Bg4 10. d4 Qe8 11. d5 Na5 12. Bc2 c5 13. Nbd2 Nh5 14. h3 Nf4 15. Qf1 Bd7 16. b4 Nb7 17. Qe1 f5 18. Nf1 Nxh3+ 19. gxh3 f4 20. Kh2 Bxh3 21. Kxh3 Qh5+ 22. Kg2 Qg4+ 23. Ng3 fxg3 24. Qe2 gxf2+ 25. Kxf2 Bh4+ 26. Ke3 0-1